Top 50 Most Streamed Kendrick Lamar Songs - Statistics

General Stats
  • This quiz has been taken 89 times
  • The average score is 33 of 50
Answer Stats
Hint Answer % Correct
1 HUMBLE
100%
6 DNA
94%
4 LOVE
91%
3 Money Trees
91%
2 All The Stars
89%
5 Not Like Us
89%
9 Alright
86%
14 King Kunta
83%
13 luther
83%
7 PRIDE
83%
22 euphoria
81%
11 m.A.A.d city
81%
8 Swimming Pools
81%
25 DUCKWORTH
80%
10 Bitch, Don't Kill My Vibe
78%
27 XXX
77%
12 LOYALTY
75%
20 tv off
75%
34 FEAR
72%
43 meet the grahams
72%
39 These Walls
72%
32 Wesley's Theory
72%
26 squabble up
70%
29 i
69%
36 Sing About Me, I'm Dying Of Thirst
69%
17 ELEMENT
67%
37 LUST
67%
16 N95
67%
15 Poetic Justice
67%
19 A.D.H.D
66%
28 Count Me Out
66%
24 United In Grief
66%
30 FEEL
63%
18 Backseat Freestyle
61%
21 Die Hard
59%
47 The Blacker The Berry
58%
41 peekaboo
56%
45 BLOOD
55%
40 GOD
55%
31 The Recipe
55%
35 Father Time
53%
42 HiiiPower
47%
48 The Art of Peer Pressure
45%
46 Rigamortus
44%
49 hey now
42%
38 Silent Hill
42%
44 untitled 02
33%
23 Rich Spirit
30%
50 Savior
27%
33 Big Shot
17%
No matching quizzes found
Score Distribution
Percent of People with Each Score
Percentile by Number Answered
Your Score History
You have not taken this quiz